منت شر اف کار / (Record no. 195349)

MARC details
000 -LEADER
fixed length control field 00608nam a22001937a 4500
005 - DATE AND TIME OF LATEST TRANSACTION
control field 20230321122203.0
010 ## - LCCN (DPL NO)
LC control number UR-11889
020 ## - INTERNATIONAL STANDARD BOOK NUMBER
International Standard Book Number 9789390568192
Terms of availability 595.00
035 ## - SYSTEM CONTROL NUMBER
System control number U-10444
037 ## - SOURCE OF ACQUISITION
Source of stock number/acquisition DBAD/PUB
082 ## - DEWEY DECIMAL CLASSIFICATION NUMBER
Classification number ک
100 ## - MAIN ENTRY--PERSONAL NAME
Personal name سا قی ، نار نگ
245 ## - TITLE STATEMENT
Title منت شر اف کار /
Statement of responsibility, etc نا رنگ سا قی
246 ## - VARYING FORM OF TITLE
Title proper/short title Muntashir Afkaar /
Remainder of title by Narang Saqi
260 ## - PUBLICATION, DISTRIBUTION, ETC. (IMPRINT)
Place of publication, distribution, etc New Delhi
Name of publisher, distributor, etc M.R. Publications
Date of publication, distribution, etc 2019 ء
270 ## - ADDRESS
Address 10 Metropole Market, 2724-25, First Floor, Kucha Chelan, Darya Ganj
City New Delhi
Postal code 110002
300 ## - PHYSICAL DESCRIPTION
Extent 271 ص
Dimensions 22cm(Hb)
942 ## - ADDED ENTRY ELEMENTS (KOHA)
Source of classification or shelving scheme Dewey Decimal Classification
Item type Urdu Bks
Classification part ک
Call number suffix س ا ق
Holdings
Withdrawn status Lost status Not for loan Collection code Home library Current library Date acquired Source of acquisition Cost, normal purchase price Full call number Barcode Copy number Cost, replacement price Koha item type
      Fiction Patel Nagar Patel Nagar 21/03/2023 DBAD/PUB 595.00 ک س ا ق U-10444 1 595.00 Urdu Bks

© Delhi Public Library
Hit Counter
free hit counter